Tycho Discography - Statistics

General Stats
  • This quiz has been taken 2 times
  • The average score is 7 of 8
Answer Stats
Type Year Name % Correct
Album 2014 Awake
100%
Remix Album 2016 Awake Remixes
100%
Album 2011 Dive
100%
Album 2016 Epoch
100%
Album 2004 Past Is Prologue
100%
EP 2007 Past Is Prologue (Sampler)
100%
EP 2002 The Science of Patterns
50%
Collaborative EP 2013 Fragments / Ascension
0%
No matching quizzes found
Score Distribution
Percent of People with Each Score
Percentile by Number Answered
Your Score History
You have not taken this quiz